000
00295cam a2200121ua 4500
082
_a
894.812 2
_b
MUH/OP
100
_a
Muhammed, K. T.
_9
1796
245
_a
Operation Theatre /
260
_a
Thrissur :
_b
Current Books ,
_c
1967.
300
_a
75 ; .
650
_a
Drama - Malayalam
_9
1695
942
_c
BK
999
_c
473
_d
473